Venezuelan crude oils.

Bibliographic Details
Format: Book
Language:English
Published: Caracas : Estados Unidos de Venezuela, Ministerio de Minas e Hidrocarburos, 1951.
Subjects:

MARC

Tag First Indicator Second Indicator Subfields
LEADER 00000cam a22000007a 4500
001 in00000068739
005 20231006192018.0
008 830115s1951 ve a 000 0 eng
010 |a  83105989  
016 7 |a 013966184  |2 Uk 
019 |a 6274878 
029 1 |a AU@  |b 000025415455 
029 1 |a DEBBG  |b BV035780310 
029 1 |a UKMGB  |b 013966184 
035 |a (OCoLC)ocm17076210  
035 |a (OCoLC)17076210  |z (OCoLC)6274878 
035 |a (OCoLC)ocm17076210  
040 |a DLC  |b eng  |c DLC  |d TXA  |d OCLCQ  |d OCLCO  |d OCLCF  |d OCLCQ  |d UKMGB  |d OCLCO 
043 |a s-ve--- 
050 4 |a TN873.V4  |b V46 1951 
082 4 |a 338.2728  |b V458c 
245 0 0 |a Venezuelan crude oils. 
260 |a Caracas :  |b Estados Unidos de Venezuela, Ministerio de Minas e Hidrocarburos,  |c 1951. 
300 |a 172 pages :  |b illustrations ;  |c 23 cm 
336 |a text  |b txt  |2 rdacontent 
337 |a unmediated  |b n  |2 rdamedia 
338 |a volume  |b nc  |2 rdacarrier 
650 0 |a Petroleum  |z Venezuela. 
650 6 |a Pétrole  |z Venezuela. 
650 7 |a Petroleum.  |2 fast  |0 (OCoLC)fst01059260 
651 7 |a Venezuela.  |2 fast  |0 (OCoLC)fst01204166 
776 0 8 |i Online version:  |t Venezuelan crude oils.  |d Caracas : Estados Unidos de Venezuela, Ministerio de Minas e Hidrocarburos, 1951  |w (OCoLC)613019085 
948 |h HELD BY TXA - 28 OTHER HOLDINGS 
994 |a Z0  |b TXA 
999 f f |s 351177d8-79cb-332a-b5b5-8544b96b303e  |i 61983010-9dd6-3469-adc3-ef691b4d9a5a  |t 0 
952 f f |p ric  |a Texas A&M University  |b Rellis Campus  |c Joint Library Facility  |d Remote Storage  |t 0  |e TN873.V4 V46 1951  |h Library of Congress classification  |i unmediated -- volume  |m A14800763621 
998 f f |a TN873.V4 V46 1951  |t 0  |l Remote Storage